Celebrating differences : (Record no. 353985)

000 -LEADER
fixed length control field 01934nam a2200217 a 4500
001 - CONTROL NUMBER
control field ASIN1906155429
003 - CONTROL NUMBER IDENTIFIER
control field OSt
005 - DATE AND TIME OF LATEST TRANSACTION
control field 20180116192423.0
008 - FIXED-LENGTH DATA ELEMENTS--GENERAL INFORMATION
fixed length control field 140714s2009 xxu eng d
020 ## - INTERNATIONAL STANDARD BOOK NUMBER
International Standard Book Number 1906155429 (hardcover)
Terms of availability $55.00
020 ## - INTERNATIONAL STANDARD BOOK NUMBER
International Standard Book Number 9781906155421 (hardcover)
040 ## - CATALOGING SOURCE
Transcribing agency sada
082 ## - DEWEY DECIMAL CLASSIFICATION NUMBER
Classification number 720.922
Author Mark CEL 2009
245 00 - TITLE STATEMENT
Title Celebrating differences :
Remainder of title the work of bptw partnership /
260 ## - PUBLICATION, DISTRIBUTION, ETC.
Place of publication, distribution, etc. London :
Name of publisher, distributor, etc. Black Dog Architecture,
Date of publication, distribution, etc. 2009.
300 ## - PHYSICAL DESCRIPTION
Extent 192 p. ;
Dimensions 27 cm.
520 ## - SUMMARY, ETC.
Summary, etc. Innovation in design, construction, planning and sustainability have established bptw's reputation within the residential, regeneration, special needs, education, health care and mixed-use sectors. The work of bptw: Celebrating Differences explores bptw's approach providing an in-depth insight into the practice's philosophy and working methods. Based in Greenwich, UK, for the last fourteen years the projects undertaken by bptw partnership are models of socially and environmentally conscious design. Renowned for its work with a range of clients, including private developers, housing associations, local authorities and community groups, bptw's Celebrating Differences presents the work of the practice in all its diversity. Interspersed throughout Celebrating Differences are case studies of projects including award-winning public housing developments such as the Pepys Estate, commercial buildings and bptw's masterplanning of housing projects and mixed-use tenures. With a host of awards affirming their success, including Best Architectural Practice from Building Awards in 2005, this volume is a timely look at the beliefs and attitudes that make bptw one of the more innovative architectural practices working within the housing sector today.
650 ## - SUBJECT ADDED ENTRY--TOPICAL TERM
Topical term or geographic name entry element Architectural firms
Geographic subdivision Great Britain
9 (RLIN) 7669
856 40 - ELECTRONIC LOCATION AND ACCESS
Materials specified Amazon.com
Uniform Resource Identifier <a href="http://www.amazon.com/exec/obidos/ASIN/1906155429/chopaconline-20">http://www.amazon.com/exec/obidos/ASIN/1906155429/chopaconline-20</a>
942 ## - ADDED ENTRY ELEMENTS (KOHA)
Source of classification or shelving scheme
Koha item type Book
Holdings
Withdrawn status Lost status Source of classification or shelving scheme Damaged status Not for loan Permanent Location Current Location Date acquired Total Checkouts Full call number Barcode Date last seen Cost, replacement price Price effective from Koha item type
          School of Art Design and Architecture (SADA) School of Art Design and Architecture (SADA) 07/14/2014   720.922 CEL 2009 SADA0002352 01/05/2017 4429.78 01/05/2017 Book
© 2023 Central Library, National University of Sciences and Technology. All Rights Reserved.